ბათუმის შოთა რუსთაველის სახელმწიფო უნივერსიტეტის ბიბლიოთეკა

მეცრე მთაც გადავიარეთ (ბიბ.ჩანაწერი № 42201)

000 -LEADER
fixed length control field 00930nam a2200229Ia 4500
001 - CONTROL NUMBER
control field 8894
003 - CONTROL NUMBER IDENTIFIER
control field GE_BSU
008 - FIXED-LENGTH DATA ELEMENTS--GENERAL INFORMATION
fixed length control field 181216s||||||||xx |||||||||||||| ||und||
040 ## - CATALOGING SOURCE
Transcribing agency GE_BSU
080 ## - UNIVERSAL DECIMAL CLASSIFICATION NUMBER
Universal Decimal Classification number 82-93:910.4(479.22)
100 ## - MAIN ENTRY--PERSONAL NAME
Personal name კეცხოველი,ნიკო
245 ## - TITLE STATEMENT
Title მეცრე მთაც გადავიარეთ
245 ## - TITLE STATEMENT
Remainder of title საქ. მხარეთმც.საკითხები.უფრ. სასკოლო ასაკის ბავშვ.
245 ## - TITLE STATEMENT
Statement of responsibility, etc. რედ.ნ.ქართველიშვილი.მხატვ.ჯ.ყავლაშვილი
260 ## - PUBLICATION, DISTRIBUTION, ETC.
Place of publication, distribution, etc. თბილისი
260 ## - PUBLICATION, DISTRIBUTION, ETC.
Name of publisher, distributor, etc. ნაკადული
260 ## - PUBLICATION, DISTRIBUTION, ETC.
Date of publication, distribution, etc. 1976
300 ## - PHYSICAL DESCRIPTION
Extent 303გვ.24ფ.ილ.20სმ.
653 ## - INDEX TERM--UNCONTROLLED
Uncontrolled term მეცრე მთაც გადავიარეთ
653 ## - INDEX TERM--UNCONTROLLED
Uncontrolled term საქ. მხარეთმც.საკითხები
942 ## - ADDED ENTRY ELEMENTS (KOHA)
Koha item type წიგნი
ეგზემპლარები
Withdrawn status Lost status Damaged status Not for loan Date acquired Barcode Date last seen Price effective from Koha item type
        2018-12-17 31418 2018-12-17 2018-12-17 წიგნი
        2018-12-17 31419 2018-12-17 2018-12-17 წიგნი
        2018-12-17 31420 2018-12-17 2018-12-17 წიგნი